| 000 | 01123nam a2200301 4500 | ||
|---|---|---|---|
| 001 | 177432 | ||
| 003 | ES-MaACL | ||
| 005 | 20250828023908.0 | ||
| 008 | 110322s2009 sp c |||| |dspa d | ||
| 017 | _aCO-1539-2009 | ||
| 020 | _a9788479596972 | ||
| 080 | _a342.7 | ||
| 080 | _a37.03 | ||
| 100 | 1 |
_aCaballero Vásquez, Ángel. _9145805 |
|
| 245 | 1 | 3 |
_aLa dimensión educativa de la Declaración Universal de Derechos Humanos / _cÁngel Caballero Vásquez ; [prólogo de Juan Antonio Carrillo Salcedo]. |
| 260 |
_aCórdoba : _bCajaSur, Obra Social y Cultural, _c2009. |
||
| 300 |
_a113 p. : _b1 retr. ; _c24 cm. |
||
| 490 | 1 | _aEstudios | |
| 504 | _aBibliografía: p. 101-104. | ||
| 586 | _aPremio Derechos Humanos-Ilustre Colegio de Abogados de Lucena, 2008 | ||
| 650 | 0 | 7 |
_aDerechos humanos _2embne _911770 |
| 650 | 0 | 7 |
_aEducación en valores _2embne _912101 |
| 700 | 1 |
_aCarrillo Salcedo, Juan Antonio. _935780 |
|
| 830 | 0 |
_aEstudios _9177349 |
|
| 852 |
_aES-MaACL _9184250 _bR.145704 _jA-11063 _dOlim:N-4068 _cDEPO1 _xDonación: Editorial |
||
| 942 |
_2udc _cMONOGRAFIA |
||
| 999 |
_c177432 _d177432 |
||